书目信息 |
| 题名: |
中国华侨国际文化交流基地故事
|
|
| 作者: | 北京大学华侨华人研究中心 著 | |
| 分册: | ||
| 出版信息: | 北京 中国华侨出版社 2018.5 |
|
| 页数: | 388页 | |
| 开本: | 25cm | |
| 丛书名: | ||
| 单 册: | ||
| 中图分类: | G125 | |
| 科图分类: | ||
| 主题词: | 国际交流--文化交流--概况--中国 | |
| 电子资源: | ||
| ISBN: | 978-7-5113-7636-7 | |
| 000 | 00975nam0 2200229 45 | |
| 001 | 012001002884 | |
| 005 | 20131031135854.0 | |
| 010 | @a978-7-5113-7636-7@dCNY80.00 | |
| 100 | @a20181030d2018 em y0chiy0110 ea | |
| 101 | 0 | @achi |
| 102 | @aCN@b110000 | |
| 105 | @ay z 000yy | |
| 106 | @ar | |
| 200 | 1 | @a中国华侨国际文化交流基地故事@Azhong guo hua qiao guo ji wen hua jiao liu ji di gu shi@f北京大学华侨华人研究中心著 |
| 210 | @a北京@c中国华侨出版社@d2018.5 | |
| 215 | @a388页@d25cm | |
| 330 | @a《中国华侨国际文化交流基地故事.2》一书以图文并茂的形式编辑整理了中国华侨国家文化交流基地的基本情况介绍,主要按照纪念馆、博物馆、名人故居、文化遗迹、文化研究培训机构等内容进行讲解。着重介绍交流基地的历史背景、文化内涵、特色亮点和精彩故事等。 | |
| 606 | 0 | @a国际交流@x文化交流@x概况@y中国 |
| 690 | @aG125@v5 | |
| 701 | 0 | @a北京大学华侨华人研究中心@Abei jing da xue hua qiao hua ren yan jiu zhong xin@4著 |
| 801 | @b江苏凤凰@c20191020 | |
| 905 | @b1231060-5@dG125@e243@f6 | |
| 中国华侨国际文化交流基地故事/北京大学华侨华人研究中心著.-北京:中国华侨出版社,2018.5 |
| 388页;25cm |
| ISBN 978-7-5113-7636-7:CNY80.00 |
| 《中国华侨国际文化交流基地故事.2》一书以图文并茂的形式编辑整理了中国华侨国家文化交流基地的基本情况介绍,主要按照纪念馆、博物馆、名人故居、文化遗迹、文化研究培训机构等内容进行讲解。着重介绍交流基地的历史背景、文化内涵、特色亮点和精彩故事等。 |
| ● |
| 相关链接 |
|
|
|
|
正题名:中国华侨国际文化交流基地故事
索取号:G125/243
 
预约/预借
| 序号 | 登录号 | 条形码 | 馆藏地/架位号 | 状态 | 备注 |
| 1 | 1231060 | 212310603 | 第一样本阅览室/ [索取号:G125/243] | 在馆 | |
| 2 | 1231061 | 212310612 | 教育系资料室/ [索取号:G125/243] | 在馆 | |
| 3 | 1231062 | 212310621 | 教育系资料室/ [索取号:G125/243] | 在馆 | |
| 4 | 1231063 | 212310630 | 教育系资料室/ [索取号:G125/243] | 在馆 | |
| 5 | 1231064 | 212310649 | 第四借阅区/ [索取号:G125/243] | 在馆 | |
| 6 | 1231065 | 212310658 | 第四借阅区/ [索取号:G125/243] | 在馆 |